What's that sound? (Record no. 22693)
[ view plain ]
| 000 -LEADER | |
|---|---|
| fixed length control field | 00666nam a22002057a 4500 |
| 003 - CONTROL NUMBER IDENTIFIER | |
| control field | OSt |
| 005 - DATE AND TIME OF LATEST TRANSACTION | |
| control field | 20260520150528.0 |
| 008 - FIXED-LENGTH DATA ELEMENTS--GENERAL INFORMATION | |
| fixed length control field | 260520b |||||||| |||| 00| 0 eng d |
| 020 ## - INTERNATIONAL STANDARD BOOK NUMBER | |
| International Standard Book Number | 9780393937251 |
| 040 ## - CATALOGING SOURCE | |
| Transcribing agency | Chuka University Library |
| 050 ## - LIBRARY OF CONGRESS CALL NUMBER | |
| Classification number | ML 3534 .C6 2015 C.3 |
| 100 ## - MAIN ENTRY--PERSONAL NAME | |
| Personal name | Covach John |
| 9 (RLIN) | 24764 |
| 245 ## - TITLE STATEMENT | |
| Title | What's that sound? |
| Remainder of title | An introduction to rock and its history |
| 250 ## - EDITION STATEMENT | |
| Edition statement | 4th edition |
| 260 ## - PUBLICATION, DISTRIBUTION, ETC. | |
| Place of publication, distribution, etc. | New York. London |
| Name of publisher, distributor, etc. | W. W. Norton and Company |
| Date of publication, distribution, etc. | 2015 |
| 300 ## - PHYSICAL DESCRIPTION | |
| Extent | various pagings |
| Other physical details | Illustrations |
| 650 ## - SUBJECT ADDED ENTRY--TOPICAL TERM | |
| Topical term or geographic name entry element | Rock music----History and criticism |
| 9 (RLIN) | 25683 |
| 650 ## - SUBJECT ADDED ENTRY--TOPICAL TERM | |
| Topical term or geographic name entry element | Introduction to rock music and its evolution |
| 9 (RLIN) | 25983 |
| 942 ## - ADDED ENTRY ELEMENTS (KOHA) | |
| Source of classification or shelving scheme | Library of Congress Classification |
| Koha item type | Long Loan Books |
| Suppress in OPAC | No |
| Withdrawn status | Lost status | Source of classification or shelving scheme | Damaged status | Not for loan | Home library | Current library | Shelving location | Date acquired | Total Checkouts | Full call number | Barcode | Date last seen | Copy number | Cost, replacement price | Price effective from | Koha item type |
|---|---|---|---|---|---|---|---|---|---|---|---|---|---|---|---|---|
| Library of Congress Classification | Main Campus Library | Main Campus Library | General Stacks | 20/05/2026 | ML 3534 .C6 2015 | 32255/2026 | 20/05/2026 | C.3 | 10468.35 | 20/05/2026 | Long Loan Books |
